<?xml version="1.0" encoding="UTF-8"?>
<record
    xmlns:xsi="http://www.w3.org/2001/XMLSchema-instance"
    xsi:schemaLocation="http://www.loc.gov/MARC21/slim http://www.loc.gov/standards/marcxml/schema/MARC21slim.xsd"
    xmlns="http://www.loc.gov/MARC21/slim">

  <leader>01320    a2200253   4500</leader>
  <controlfield tag="005">20080910155441.0</controlfield>
  <controlfield tag="008">080910t        xxu||||| |||| 00| 0 hin d</controlfield>
  <datafield tag="010" ind1=" " ind2=" ">
    <subfield code="a">HIN-80494</subfield>
  </datafield>
  <datafield tag="020" ind1=" " ind2=" ">
    <subfield code="a">8190168436</subfield>
    <subfield code="c">200.00</subfield>
  </datafield>
  <datafield tag="035" ind1=" " ind2=" ">
    <subfield code="a">HN-52840</subfield>
  </datafield>
  <datafield tag="037" ind1=" " ind2=" ">
    <subfield code="b">D.B.Act / pub</subfield>
  </datafield>
  <datafield tag="082" ind1=" " ind2=" ">
    <subfield code="a">&#x909;</subfield>
  </datafield>
  <datafield tag="100" ind1=" " ind2=" ">
    <subfield code="a">&#x91A;&#x91F;&#x94D;&#x91F;&#x94B;&#x92A;&#x93E;&#x927;&#x94D;&#x92F;&#x93E;&#x92F;, &#x938;&#x902;&#x91C;&#x940;&#x935;</subfield>
  </datafield>
  <datafield tag="245" ind1=" " ind2=" ">
    <subfield code="a">&#x92D;&#x948;&#x930;&#x935;&#x940; &#x914;&#x930; &#x936;&#x94D;&#x930;&#x940;&#x930;&#x93E;&#x92E;&#x915;&#x943;&#x937;&#x94D;&#x923;</subfield>
    <subfield code="c">&#x938;&#x902;&#x91C;&#x940;&#x935; &#x91A;&#x91F;&#x94D;&#x91F;&#x94B;&#x92A;&#x93E;&#x927;&#x94D;&#x92F;&#x93E;&#x92F;;&#x905;&#x928;&#x941;&#x935;&#x93E;&#x926;&#x915;, &#x92E;&#x92E;&#x924;&#x93E; &#x916;&#x930;&#x947;</subfield>
  </datafield>
  <datafield tag="246" ind1=" " ind2=" ">
    <subfield code="a">Bhervi aur Shriramkrishan</subfield>
    <subfield code="b">by Sanjeev Chtopadhyay</subfield>
  </datafield>
  <datafield tag="260" ind1=" " ind2=" ">
    <subfield code="a">&#x932;&#x916;&#x928;&#x90A;</subfield>
    <subfield code="b">&#x928;&#x935;&#x940;&#x928; &#x938;&#x93E;&#x939;&#x93F;&#x924;&#x94D;&#x92F; &#x92D;&#x902;&#x921;&#x93E;&#x930;</subfield>
    <subfield code="c">2006</subfield>
  </datafield>
  <datafield tag="270" ind1=" " ind2=" ">
    <subfield code="a">106,&#x915;&#x943;&#x937;&#x94D;&#x923; &#x932;&#x94B;&#x915; &#x915;&#x93E;&#x932;&#x94B;&#x928;&#x940;, &#x92B;&#x947;&#x938;-1 &#x926;&#x930;&#x94B;&#x917;&#x93E; &#x916;&#x947;&#x921;&#x93C;&#x93E;,&#x92A;&#x94B;.&#x92C;&#x94B;.&#x92C;&#x928;&#x94D;&#x925;&#x930;&#x93E; &#x915;&#x93E;&#x928;&#x92A;&#x941;&#x930; &#x930;&#x94B;&#x921;</subfield>
    <subfield code="b">&#x932;&#x916;&#x928;&#x90A;</subfield>
    <subfield code="e">227101</subfield>
  </datafield>
  <datafield tag="300" ind1=" " ind2=" ">
    <subfield code="a">160&#x92A;&#x943;</subfield>
    <subfield code="c">22 &#x938;&#x947;&#x92E;&#x940;(&#x938;&#x91C;&#x93F;&#x932;&#x94D;&#x926;)</subfield>
  </datafield>
  <datafield tag="650" ind1=" " ind2=" ">
    <subfield code="a">&#x939;&#x93F;&#x928;&#x94D;&#x926;&#x940; &#x909;&#x92A;&#x928;&#x94D;&#x92F;&#x93E;&#x938;</subfield>
  </datafield>
  <datafield tag="650" ind1=" " ind2=" ">
    <subfield code="a">Hindi  Novel</subfield>
  </datafield>
  <datafield tag="700" ind1=" " ind2=" ">
    <subfield code="a">&#x916;&#x930;&#x947;, &#x92E;&#x92E;&#x924;&#x93E;</subfield>
  </datafield>
  <datafield tag="942" ind1=" " ind2=" ">
    <subfield code="a">dpl</subfield>
    <subfield code="c">HN</subfield>
    <subfield code="k">&#x909; / &#x91A;&#x91F;&#x94D;&#x91F;&#x94B;&#x92A;&#x93E;</subfield>
    <subfield code="2">ddc</subfield>
    <subfield code="h">&#x909; </subfield>
    <subfield code="m">&#x91A;&#x91F;&#x94D;&#x91F;&#x94B;&#x92A;&#x93E;</subfield>
  </datafield>
  <datafield tag="999" ind1=" " ind2=" ">
    <subfield code="c">5994</subfield>
    <subfield code="d">5994</subfield>
  </datafield>
  <datafield tag="952" ind1=" " ind2=" ">
    <subfield code="0">0</subfield>
    <subfield code="1">0</subfield>
    <subfield code="4">0</subfield>
    <subfield code="7">0</subfield>
    <subfield code="a">DBAD</subfield>
    <subfield code="b">DBAD</subfield>
    <subfield code="d">2008-09-10</subfield>
    <subfield code="g">200.00</subfield>
    <subfield code="l">0</subfield>
    <subfield code="o">&#x909;  &#x91A;&#x91F;&#x94D;&#x91F;&#x94B;&#x92A;&#x93E;</subfield>
    <subfield code="p">HN-52840</subfield>
    <subfield code="r">2008-09-15 00:00:00</subfield>
    <subfield code="t">1</subfield>
    <subfield code="u">6429</subfield>
    <subfield code="v">200.00</subfield>
    <subfield code="w">2008-09-15</subfield>
    <subfield code="y">HN</subfield>
  </datafield>
</record>
